| 000 | 00559nam a22001937a 4500 | ||
|---|---|---|---|
| 003 | KOHA_MİRAKIL | ||
| 005 | 20251116154134.0 | ||
| 008 | 251116b tu ||||| |||| 00| 0 tur d | ||
| 020 | _a9789750740213 | ||
| 040 |
_aTR-AnABB _btur _cTR-AnABB |
||
| 041 | _atur | ||
| 082 |
_a891.733 _bDOS 2019 |
||
| 100 |
_aDostoyevski, Fyodor Mihayloviç, _d1821-1881 |
||
| 245 | 1 | 0 |
_aAmcanın düşü / _cFyodor Dostoyevski |
| 260 |
_aİstanbul : _bCan Yayınları, _c2019 |
||
| 300 |
_a174 sayfa ; _c20 cm |
||
| 650 | 0 | 4 | _aRus edebiyatı, roman |
| 942 |
_2ddc _cBK |
||
| 999 |
_c9443 _d9443 |
||
| 900 | _bGizem YORULMAZ | ||